[Event "Khanty-Mansiysk Governor Cup 17th"]
[Site "Khanty-Mansiysk"]
[Date "2021.11.12"]
[Round "2"]
[White "Makhno, Maria"]
[Black "Tsurkanenko Klimanov, Grigori"]
[Result "1/2-1/2"]
[WhiteElo "1916"]
[BlackElo "1382"]
[PlyCount "85"]
[EventDate "2021.11.11"]
[EventType "swiss"]
[EventRounds "9"]
[EventCountry "RUS"]
[SourceTitle "CBM 205 Extra"]
[Source "ChessBase"]
[SourceDate "2022.01.31"]
[SourceVersion "1"]
[SourceVersionDate "2022.01.31"]
[SourceQuality "1"]

1. c4 Nf6 2. Nc3 e6 3. e4 d5 4. e5 d4 5. exf6 dxc3 6. bxc3 Qxf6 7. d4 b6 8. Nf3 Bb7 9. Be2 h6 10. 0-0 Bd6 11. Qa4+ c6 12. c5 Bc7 13. Rb1 0-0 14. Be3 Nd7 15. c4 Qe7 16. Rfd1 e5 17. dxe5 Nxe5 18. Qc2 Ng4 19. Bd4 Bc8 20. h3 bxc5 21. Bc3 Re8 22. Re1 Ne5 23. Bxe5 Bxe5 24. Nxe5 Qxe5 25. Bf3 Qxe1+ 26. Rxe1 Rxe1+ 27. Kh2 Be6 28. Bxc6 Rd8 29. Qa4 Rc1 30. Bb5 Rd2 31. Qxa7 Rxf2 32. a4 Rfc2 33. a5 Bxc4 34. Bc6 Ra2 35. Qxc5 Raa1 36. Be4 Be6 37. Qe7 Rc8 38. Bb7 Rc4 39. a6 Rca4 40. Qd8+ Kh7 41. Qd3+ g6 42. Qd8 Kg7 43. Qc7 1/2-1/2

[Event "Khanty-Mansiysk Governor Cup 16th"]
[Site "Khanty-Mansiysk"]
[Date "2020.12.07"]
[Round "8"]
[White "Palyan, Mariam"]
[Black "Tsurkanenko Klimanov, Grigori"]
[Result "0-1"]
[WhiteElo "1321"]
[BlackElo "1498"]
[PlyCount "64"]
[EventDate "2020.11.30"]
[EventType "swiss"]
[EventRounds "9"]
[EventCountry "RUS"]
[SourceTitle "CBM 199 Extra"]
[Source "ChessBase"]
[SourceDate "2021.01.31"]
[SourceVersion "1"]
[SourceVersionDate "2021.01.31"]
[SourceQuality "1"]

1. e4 c6 2. Nc3 d5 3. exd5 cxd5 4. d4 Nc6 5. Nf3 e6 6. a3 Nf6 7. Bg5 Be7 8. Ne5 0-0 9. Bb5 Qc7 10. Bxf6 Bxf6 11. Nxc6 bxc6 12. Bd3 Qb6 13. Ne2 Qxb2 14. c3 e5 15. Qa4 Qxa1+ 16. Qd1 Qxd1+ 17. Kxd1 exd4 18. cxd4 Bg4 19. f3 Bh5 20. Kd2 Rab8 21. Rd1 Bg6 22. Bxg6 hxg6 23. Ke1 Rfe8 24. Kf1 Rb3 25. Ra1 Rd3 26. Ra2 Bxd4 27. Nxd4 Rxd4 28. g4 c5 29. Kg2 c4 30. Kg3 c3 31. Rc2 Rc4 32. h4 d4 0-1

[Event "Khanty-Mansiysk Governor Cup 16th"]
[Site "Khanty-Mansiysk"]
[Date "2020.12.05"]
[Round "6"]
[White "Tsurkanenko Klimanov, Grigori"]
[Black "Mongush, Kezhik"]
[Result "0-1"]
[WhiteElo "1498"]
[BlackElo "1942"]
[PlyCount "96"]
[EventDate "2020.11.30"]
[EventType "swiss"]
[EventRounds "9"]
[EventCountry "RUS"]
[SourceTitle "CBM 199 Extra"]
[Source "ChessBase"]
[SourceDate "2021.01.31"]
[SourceVersion "1"]
[SourceVersionDate "2021.01.31"]
[SourceQuality "1"]

1. d4 d5 2. Nf3 c5 3. c3 Nf6 4. Bf4 Nc6 5. h3 e6 6. e3 Bd6 7. Bxd6 Qxd6 8. Bd3 e5 9. dxe5 Nxe5 10. Nxe5 Qxe5 11. Nd2 0-0 12. 0-0 Re8 13. Nf3 Qh5 14. Be2 Qh6 15. Qc2 Be6 16. Rfd1 Rad8 17. c4 b6 18. b3 Ne4 19. Nd2 Nf6 20. cxd5 Nxd5 21. Nf3 Qf6 22. Bc4 Bf5 23. Qc1 Nc3 24. Rxd8 Rxd8 25. Qe1 b5 26. Bf1 b4 27. Nd2 Qg6 28. Kh1 h6 29. Bc4 Qd6 30. Nf3 Qf6 31. Nd2 Qd6 32. Nf3 Be4 33. Be2 a5 34. Kg1 a4 35. bxa4 Ra8 36. Nd2 Bd5 37. Bc4 Rxa4 38. e4 Bxc4 39. Nxc4 Qd4 40. Nd2 Rxa2 41. Rxa2 Nxa2 42. e5 Qd5 43. f4 c4 44. Nf1 Qd4+ 45. Kh1 c3 46. e6 Kf8 47. f5 c2 48. exf7 Qd7 0-1